000 00696nam a22002657a 4500
001 BR9509611
003 BR-BrBNA
005 20230928094803.0
007 ta
008 230509b bl.||||| |||| 00| 0 por d
040 _aBR-BrBNA
_bpor
_cBiblioteca Nacional de Agricultura
041 _a(Por)
072 _aF02
090 _ F02 BR9509611
100 1 _aLima, V. de P.M.S.
245 1 _aO uso dos clones nucleares em citricultura
_bRevisao bibliografica
260 3 _aPiracicaba, SP (Brasil):
_c1970.
300 _a23 p.
500 _a31 ref.
650 _aFruta Citrica
650 _aClone Nuclear
650 _aPoliembrionia
909 _a202309
_bLucia
_c55
_dLucia Elande
942 _cBK
999 _c52637
_d52637